000 00504nam a2200193Ia 4500
005 20250923144448.0
008 008 250917s9999 xx 000 0 eng d
037 _aTextual
040 _aDSWL
_beng
_cDSWL
041 _aeng
_2eng
084 _qDSWL
100 _aBesterman, Theodore
_9825143
245 0 _aIndex Bibliographicus
_cby Theodore Besterman
260 _aParis
_bUnesco
_c1952
300 _axi,72p.
490 _vVol-2
942 _cTEXL
999 _c1439180
_d1439180